000 00691nam a2200205 i 4500
003 IT-RoINE
005 20191004063837.0
008 870330s19860000sp 0000 | spa d
040 _aIBH
_cSpMaBN
_erdc IT-RoINE
110 2 _aInstituto secular Filiación Cordimariana
_963077
245 0 0 _aEstatutos /
_cInstituto secular Filiación Cordimariana.
260 _a[S.l. :
_bs.n.,
_c1986]
_e(Madrid:
_fArtes Gráficas Cruz)
300 _a135 p. ;
_c17 cm.
336 _2rdacontent
_atext
337 _2rdamedia
_aunmediated
338 _2rdacarrier
_avolume
610 2 4 _aInstituto secular Filiación Cordimariana
_xReglas
_963078
650 4 _aInstitutos seculares
_xReglas
_963081
942 _cMTS
999 _c32157
_d32157